Get a better job the lazy way

Main Author: Ireland, Susan
Published: New York: Macmillan, USA, 1999.
Subjects:
LEADER 00498cam a2200169 7i4500
001 0000021635
005 20140701090000.0
020 # 0 |a 0028633997  
090 0 0 |a HF 5382.7   |b I65 
100 1 # |a Ireland, Susan  
245 1 0 |a Get a better job the lazy way   |c Susan Ireland. 
260 # # |a New York:   |b Macmillan, USA,   |c 1999. 
300 # # |a 297p.:   |b ill.;   |c 23cm.. 
504 0 0 |a Includes index 
590 # # |a Pusat Pendidikan Asas dan Liberal 
650 0 0 |a Job hunting  
999 |a 1100002153  |b Book  |c Open Shelf  |e KOLEKSI TERBUKA